[Event "East Detroit (MCO/5/6)"]
[Site "?"]
[Date "1985.??.??"]
[Round "?"]
[White "Mazuchowski, Tom"]
[Black "Darbro, D.."]
[Result "1-0"]
[WhiteElo "2105"]
[BlackElo "2010"]
[PlyCount "45"]
[EventDate "1985.??.??"]

{5/(6)} 1. e4 e6 2. Qe2 e5 3. f4 Nc6 4. c3 exf4 5. d4 d6 6. Bxf4 Nf6 7. Nf3 Bg4
8. Nbd2 Qd7 9. h3 Bh5 10. g4 Bg6 11. Nh4 O-O-O 12. Nxg6 hxg6 13. Bg2 Nd5 14.
exd5 Re8 15. Be3 Nxd4 16. cxd4 Be7 17. Nf3 Bg5 18. Nxg5 Rxe3 19. Qxe3 Re8 20.
Ne4 f5 21. gxf5 gxf5 22. O-O fxe4 23. Bxe4 1-0

[Event "Westland (SEMO/1a/5)"]
[Site "?"]
[Date "1985.??.??"]
[Round "?"]
[White "Mazuchowski, Tom"]
[Black "Burg, Dan"]
[Result "1-0"]
[WhiteElo "2100"]
[BlackElo "1930"]
[PlyCount "73"]
[EventDate "1985.??.??"]

1. d4 d5 2. c4 e6 3. Nf3 Nf6 4. Bg5 Be7 5. Nc3 O-O 6. e3 Nbd7 7. cxd5 exd5 8.
Qc2 c6 9. Bd3 h6 10. Bh4 Re8 11. O-O Ne4 12. Bxe7 Qxe7 13. b4 Ndf6 14. Rab1 Bf5
15. Ne2 Ng4 16. Ng3 Bg6 17. Bxe4 dxe4 18. Ne1 Qh4 19. h3 Nxe3 20. fxe3 Qxg3 21.
Qf2 Qxf2+ 22. Rxf2 a6 23. g3 Rad8 24. a4 Rd5 25. Ng2 f6 26. Nf4 Rg5 27. Kh2 Bf7
28. h4 Rg4 29. b5 g5 30. Ng2 gxh4 31. Nxh4 Re6 32. bxa6 bxa6 33. Rb8+ Be8 34.
Nf5 Kh7 35. Rb7+ Kg6 36. Kh1 Bf7 37. Rxf7 1-0

[Event "Westland (SEMO/1a/9)"]
[Site "?"]
[Date "1985.??.??"]
[Round "?"]
[White "Mason, D.."]
[Black "Selitsky, B.."]
[Result "1-0"]
[WhiteElo "2035"]
[BlackElo "1780"]
[PlyCount "59"]
[EventDate "1985.??.??"]

1. d4 d5 2. c4 e6 3. g3 Nf6 4. Bg2 Be7 5. Nf3 O-O 6. O-O dxc4 7. Qc2 a6 8. Qxc4
b5 9. Qc2 Bb7 10. Bf4 Bd6 11. Bg5 Nbd7 12. Rd1 h6 13. Bxf6 Nxf6 14. Nbd2 Rc8
15. Nb3 Be4 16. Qc1 Qe7 17. Nc5 Bxc5 18. Qxc5 Qd6 19. Ne5 Bxg2 20. Kxg2 Ne4 21.
Qc6 f6 22. Qxe4 fxe5 23. Rac1 exd4 24. Rxd4 Qb6 25. Rc6 Qa7 26. Qxe6+ Kh8 27.
e3 Rce8 28. Qg6 Qa8 29. Rd7 Rg8 30. Kg1 1-0

[Event "East Detroit (MCO/3/17)"]
[Site "?"]
[Date "1985.??.??"]
[Round "?"]
[White "Mason, D.."]
[Black "Praedel, R.."]
[Result "1-0"]
[WhiteElo "2050"]
[BlackElo "1620"]
[PlyCount "25"]
[EventDate "1985.??.??"]

{3/(17)} 1. d4 Nf6 2. c4 d5 3. g3 Bg4 4. Bg2 c6 5. Nf3 Nbd7 6. Ne5 Nxe5 7. dxe5
Nd7 8. cxd5 cxd5 9. Qxd5 Qc7 10. Nc3 Nxe5 11. Nb5 Qb8 12. Bf4 a6 13. Bxe5 1-0

[Event "Westland (SEMO/2/5)"]
[Site "?"]
[Date "1985.??.??"]
[Round "?"]
[White "Mason, D.."]
[Black "Poschel, Paul"]
[Result "0-1"]
[WhiteElo "2035"]
[BlackElo "2320"]
[PlyCount "69"]
[EventDate "1985.??.??"]

{2/(5)} 1. d4 d5 2. c4 dxc4 3. g3 e5 4. d5 Nf6 5. Bg2 Bb4+ 6. Nc3 O-O 7. e4 c6
8. Nge2 cxd5 9. exd5 Nbd7 10. O-O Nb6 11. Bg5 h6 12. Bxf6 Qxf6 13. Qc2 Bf5 14.
Ne4 Qg6 15. Rfd1 Rfd8 16. a3 Bf8 17. N2c3 Rac8 18. Qe2 Bg4 19. f3 Bd7 20. Rac1
f5 21. Nd2 Bd6 22. Nf1 Kh8 23. Kh1 Re8 24. Qc2 Qf7 25. Nd2 Red8 26. Bf1 Rc7 27.
a4 a5 28. Nb5 Bxb5 29. axb5 Rdc8 30. Qb1 Bb4 31. Qa2 Qxd5 32. Nxc4 Qe6 33. b3
Nd5 34. Qa1 e4 35. fxe4 0-1

[Event "Westland (SEMO/5/9)"]
[Site "?"]
[Date "1985.??.??"]
[Round "?"]
[White "Mason, D.."]
[Black "Martin, K.."]
[Result "1-0"]
[WhiteElo "2035"]
[BlackElo "1985"]
[PlyCount "57"]
[EventDate "1985.??.??"]

{5/(9)} 1. d4 Nf6 2. c4 e6 3. g3 Bb4+ 4. Bd2 Qe7 5. a3 Bxd2+ 6. Nxd2 d5 7. Bg2
O-O 8. Qc2 Nbd7 9. Ngf3 c6 10. O-O b6 11. Rfe1 Bb7 12. e4 dxe4 13. Nxe4 Nxe4
14. Rxe4 g6 15. Rae1 Rfe8 16. Qd2 Rad8 17. Rh4 Qf6 18. Rhe4 Qg7 19. Qf4 c5 20.
d5 Nf6 21. Re5 exd5 22. Rxe8+ Nxe8 23. Re7 Nd6 24. Ng5 Qf8 25. Rc7 h6 26. Nxf7
Nxf7 27. Rxb7 Nd6 28. Bxd5+ Nf7 29. Rxf7 1-0

[Event "East Detroit (MCO/5/12)"]
[Site "?"]
[Date "1985.??.??"]
[Round "?"]
[White "Mason, D.."]
[Black "LaMar, Frank"]
[Result "0-1"]
[WhiteElo "2050"]
[BlackElo "1955"]
[PlyCount "54"]
[EventDate "1985.??.??"]

{5/(12)} 1. d4 d5 2. c4 e5 3. dxe5 d4 4. Nf3 Nc6 5. Nbd2 Nge7 6. Nb3 Ng6 7.
Nbxd4 Ncxe5 8. Nxe5 Nxe5 9. e3 Bg4 10. Be2 Bb4+ 11. Bd2 Nd3+ 12. Kf1 Qh4 13. g3
Qf6 14. f3 Bh3+ 15. Kg1 Bxd2 16. Qxd2 Ne5 17. c5 Rd8 18. Qe1 O-O 19. g4 Ng6 20.
Nf5 Ne7 21. Nxg7 Kxg7 22. Qg3 Rd2 23. Kf2 Rxe2+ 24. Kxe2 Qxb2+ 25. Kd3 Rd8+ 26.
Kc4 Qc2+ 27. Kb5 a6+ 0-1

[Event "East Lansing (MI Op/3/21)"]
[Site "?"]
[Date "1985.??.??"]
[Round "?"]
[White "Mason, D.."]
[Black "Halstead, Kevin"]
[Result "1-0"]
[WhiteElo "2035"]
[BlackElo "1825"]
[PlyCount "121"]
[EventDate "1985.??.??"]

{3/(21)} 1. d4 Nf6 2. c4 e6 3. g3 Bb4+ 4. Bd2 Bxd2+ 5. Nxd2 b6 6. Bg2 Nc6 7.
Ngf3 Bb7 8. O-O Ne7 9. Qc2 c5 10. dxc5 bxc5 11. e4 d6 12. e5 dxe5 13. Nxe5 Bxg2
14. Kxg2 O-O 15. Rad1 Qc7 16. Ndf3 Rfd8 17. Qe2 Nc6 18. b3 Qb7 19. Kg1 h6 20.
Rfe1 Qc7 21. Nxc6 Qxc6 22. Rd3 Kf8 23. Red1 Ke7 24. Qe5 Qb6 25. Nh4 Rxd3 26.
Rxd3 Rc8 27. Nf5+ Kf8 28. Ne3 Qc7 29. Qxc7 Rxc7 30. f3 Ke7 31. Kf2 Rd7 32. Ke2
Rxd3 33. Kxd3 Nd7 34. f4 f5 35. a3 a5 36. Kc3 g6 37. b4 axb4+ 38. axb4 cxb4+
39. Kxb4 Kd6 40. Kb5 Nc5 41. g4 Nd3 42. Kb6 Nc5 43. h4 Nd7+ 44. Kb5 Nc5 45. g5
h5 46. Ng2 Nd3 47. Kb6 Nc5 48. Ne1 Nd7+ 49. Kb5 Nc5 50. Nf3 Nd3 51. Kb6 Nc5 52.
Ne5 Nd7+ 53. Nxd7 Kxd7 54. c5 Kc8 55. Kc6 e5 56. fxe5 f4 57. e6 Kd8 58. Kd6 f3
59. c6 f2 60. e7+ Ke8 61. c7 1-0

[Event "East Detroit (MCO/1/17)"]
[Site "?"]
[Date "1985.??.??"]
[Round "?"]
[White "Mason, D.."]
[Black "Dmuchowski, Frank"]
[Result "1-0"]
[WhiteElo "2050"]
[BlackElo "1605"]
[PlyCount "60"]
[EventDate "1985.??.??"]

{1/(17)} 1. d4 Nf6 2. c4 c5 3. Nf3 g6 4. g3 Bg7 5. Bg2 O-O 6. O-O cxd4 7. Nxd4
Nc6 8. Nc3 a6 9. Nb3 d6 10. e4 Qc7 11. Bf4 Rd8 12. Rc1 Ne8 13. Na4 Qb8 14. Nb6
Ra7 15. Be3 Be6 16. Nd5 Ra8 17. Bb6 Rd7 18. Qd2 Bxd5 19. cxd5 Ne5 20. Rc2 Nc7
21. Rfc1 Nb5 22. h3 Qf8 23. Qe3 f5 24. f4 Bh6 25. a4 Qf7 26. axb5 axb5 27. Rc8+
Rxc8 28. Rxc8+ Kg7 29. Nd4 Nc4 30. Ne6+ Kf6 1-0

[Event "East Lansing (MI Op/2/3)"]
[Site "?"]
[Date "1985.??.??"]
[Round "?"]
[White "Mason, D.."]
[Black "Czuhai, Kevin"]
[Result "0-1"]
[WhiteElo "2035"]
[BlackElo "2225"]
[PlyCount "82"]
[EventDate "1985.??.??"]

{2/(3)} 1. d4 Nf6 2. c4 g6 3. Nc3 Bg7 4. e4 O-O 5. f3 c5 6. d5 e6 7. Be3 exd5
8. cxd5 d6 9. Nge2 Nbd7 10. Rc1 Ne5 11. Nb5 b6 12. a4 a6 13. Na3 Bd7 14. Nc3
Re8 15. h3 Nh5 16. Nc4 Nxc4 17. Bxc4 Ng3 18. Rg1 b5 19. Ne2 Nxe2 20. Bxe2 f5
21. axb5 fxe4 22. f4 Bxb5 23. b3 Qh4+ 24. g3 Qxh3 25. Bg4 Qh6 26. Kf2 Bb2 27.
Rc2 Qg7 28. Qd2 Bd4 29. Rh1 Rab8 30. b4 Bd3 31. Ra2 Rxb4 32. Be6+ Kh8 33. Bxd4
Qxd4+ 34. Qe3 Rb2+ 35. Rxb2 Qxb2+ 36. Kg1 Rb8 37. Rh4 Qa1+ 38. Kh2 Rb2+ 39. Kh3
h5 40. Rxh5+ gxh5 41. Kh4 Rh2+ 0-1

[Event "East Lansing (MI Op/5/16)"]
[Site "?"]
[Date "1985.??.??"]
[Round "?"]
[White "Mason, D.."]
[Black "Armstead, Curt"]
[Result "1-0"]
[WhiteElo "2035"]
[BlackElo "1850"]
[PlyCount "129"]
[EventDate "1985.??.??"]

{5/(16)} 1. d4 Nf6 2. c4 g6 3. Nc3 d5 4. cxd5 Nxd5 5. e4 Nxc3 6. bxc3 Bg7 7.
Bc4 c5 8. Nf3 O-O 9. O-O Nc6 10. Be3 cxd4 11. Nxd4 Bd7 12. Qd2 Qa5 13. Nb3 Qc7
14. Bf4 Be5 15. Bxe5 Nxe5 16. Be2 Rac8 17. Rfd1 Rfd8 18. Rac1 Ng4 19. g3 Qb6
20. Qe1 Nf6 21. e5 Ne8 22. Bf3 Ba4 23. Rxd8 Rxd8 24. Nd4 Bc6 25. Bxc6 bxc6 26.
Qe4 Rd5 27. Rb1 Qc7 28. f4 e6 29. Qe2 Rd7 30. Qc4 c5 31. Nb3 Rd5 32. Qb5 Kf8
33. c4 Rd8 34. Nxc5 Rc8 35. Ne4 Qxc4 36. Qxc4 Rxc4 37. Ng5 h6 38. Nh3 Ra4 39.
Rb2 Nc7 40. Nf2 Nd5 41. Ng4 h5 42. Nf6 Nb6 43. Rc2 Rc4 44. Rb2 Rc7 45. Kf1 Nd7
46. Ne4 Nb6 47. Ke2 Ke7 48. Kd3 Nd5 49. Kd2 Kd7 50. Rc2 Rxc2+ 51. Kxc2 Nb4+ 52.
Kb3 Nc6 53. Kc4 Kc7 54. Kc5 Nd8 55. Ng5 a6 56. a4 Nb7+ 57. Kb4 Nd8 58. Ne4 Nb7
59. Nc5 Kb6 60. Nxb7 Kxb7 61. Kc5 Kc7 62. a5 Kc8 63. Kb6 Kd7 64. Kxa6 Kc6 65.
h3 1-0

[Event "East Detroit (MCO/5/28)"]
[Site "?"]
[Date "1985.??.??"]
[Round "?"]
[White "Mason, A.."]
[Black "Williams, C.."]
[Result "1-0"]
[WhiteElo "1780"]
[BlackElo "1605"]
[PlyCount "55"]
[EventDate "1985.??.??"]

{5/(28)} 1. d4 Nf6 2. c4 e6 3. Nc3 h6 4. Bf4 b6 5. e4 Bb4 6. Bd3 g5 7. Be5 d6
8. Bxf6 Qxf6 9. Qa4+ Ke7 10. Qxb4 Qxd4 11. Rd1 c5 12. Qb3 Nc6 13. Nge2 Qf6 14.
Qc2 Bb7 15. O-O Ne5 16. Qd2 Rad8 17. f3 Qg7 18. f4 Ng4 19. h3 Nf6 20. Ng3 Kf8
21. Qf2 h5 22. fxg5 Qxg5 23. Qxf6 Qe3+ 24. Kh1 Rh7 25. Qxd8+ Kg7 26. Qf6+ Kg8
27. Nxh5 Qd4 28. Qd8# 1-0

[Event "East Lansing (MI Op/6/29)"]
[Site "?"]
[Date "1985.??.??"]
[Round "?"]
[White "Mason, A.."]
[Black "Moody, David"]
[Result "0-1"]
[WhiteElo "1725"]
[BlackElo "2060"]
[PlyCount "56"]
[EventDate "1985.??.??"]

{6/(29)} 1. d4 Nf6 2. c4 c5 3. dxc5 e6 4. Nc3 Bxc5 5. e3 O-O 6. Nf3 Nc6 7. a3
d5 8. cxd5 exd5 9. Be2 Be6 10. O-O Qe7 11. b4 Bb6 12. Bb2 a6 13. Na4 Ba7 14.
Rc1 Ne4 15. Nd4 Rac8 16. Nxc6 Rxc6 17. Rxc6 bxc6 18. Bxa6 Qh4 19. g3 Qh3 20.
Be2 f5 21. Qd3 f4 22. Be5 f3 23. Bxf3 Rxf3 24. Qa6 Nd2 25. Rc1 Rxf2 26. Kxf2
Qxh2+ 27. Ke1 Nf3+ 28. Kf1 Bh3# 0-1

[Event "East Lansing (MI Op/7/26)"]
[Site "?"]
[Date "1985.??.??"]
[Round "?"]
[White "Mason, A.."]
[Black "Mikus, Jim"]
[Result "1/2-1/2"]
[WhiteElo "1725"]
[BlackElo "1795"]
[PlyCount "49"]
[EventDate "1985.??.??"]

{7/(26)} 1. d4 d5 2. c4 c6 3. e3 Nf6 4. Nc3 Bf5 5. Nf3 Nbd7 6. cxd5 Nxd5 7.
Nxd5 cxd5 8. Bd3 Bxd3 9. Qxd3 a6 10. O-O e6 11. Bd2 Be7 12. Rac1 O-O 13. Rc2
Nf6 14. Rfc1 Bd6 15. Qb3 b5 16. Bb4 Ne4 17. Bxd6 Nxd6 18. Nd2 Rc8 19. Rxc8 Nxc8
20. Qc2 g6 21. Nb3 Ne7 22. Qc7 Nf5 23. Qxd8 Rxd8 24. Rc6 Rd6 25. Rxd6 1/2-1/2

[Event "East Lansing (MI Op/1b/18)"]
[Site "?"]
[Date "1985.??.??"]
[Round "?"]
[White "Mason, A.."]
[Black "Levine, H.."]
[Result "0-1"]
[WhiteElo "1725"]
[BlackElo "1990"]
[PlyCount "78"]
[EventDate "1985.??.??"]

1. d4 Nf6 2. c4 c5 3. dxc5 e6 4. Nc3 Bxc5 5. Bg5 Qb6 6. e3 Qxb2 7. Bxf6 gxf6 8.
Nge2 Bb4 9. Qc1 Qxc1+ 10. Rxc1 Nc6 11. g3 Ne5 12. Nd4 a6 13. Be2 b6 14. f4 Bb7
15. O-O Nc6 16. Nxc6 Bxc6 17. Bf3 Bc5 18. Kf2 Bxf3 19. Kxf3 f5 20. e4 fxe4+ 21.
Nxe4 Ke7 22. Nxc5 bxc5 23. Rfd1 Rab8 24. Rb1 Rb4 25. Rxb4 cxb4 26. c5 Rc8 27.
Rd6 Rc6 28. Rxc6 dxc6 29. Ke4 a5 30. Kd4 f6 31. g4 Kf7 32. h3 h6 33. h4 Kg6 34.
h5+ Kf7 35. f5 e5+ 36. Kc4 e4 37. Kd4 a4 38. Kxe4 b3 39. axb3 a3 0-1

[Event "East Detroit (MCO/1/37)"]
[Site "?"]
[Date "1985.??.??"]
[Round "?"]
[White "Mason, A.."]
[Black "Koscierzynski, J.."]
[Result "1-0"]
[WhiteElo "1780"]
[BlackElo "1605"]
[PlyCount "49"]
[EventDate "1985.??.??"]

{1/(37)} 1. d4 d5 2. c4 Be6 3. Qb3 Na6 4. Qxb7 Qc8 5. Qxc8+ Rxc8 6. cxd5 Bxd5
7. Nc3 Bb7 8. Bf4 Rd8 9. e3 Nb4 10. Rc1 Bc6 11. a3 Nd5 12. Nxd5 Bxd5 13. Bxc7
f6 14. Bb5+ Kf7 15. Bxd8 Bxg2 16. Bc4+ Kg6 17. Nh3 Bxh1 18. Nf4+ Kh6 19. Ne6 f5
20. Nxf8 Nf6 21. Bxe7 Ng4 22. h4 g6 23. Ne6 Rc8 24. Bg5+ Kh5 25. Nf4# 1-0

[Event "East Detroit (MCO/3/33)"]
[Site "?"]
[Date "1985.??.??"]
[Round "?"]
[White "Mason, A.."]
[Black "Fleming, G.."]
[Result "1-0"]
[WhiteElo "1780"]
[BlackElo "1605"]
[PlyCount "58"]
[EventDate "1985.??.??"]

{3/(33)} 1. d4 d5 2. c4 Nf6 3. Nc3 e6 4. Bg5 h6 5. Bxf6 Qxf6 6. cxd5 Bb4 7.
Qa4+ Bd7 8. Qxb4 b6 9. dxe6 fxe6 10. e3 Nc6 11. Qb3 O-O 12. Nf3 Ne7 13. Ne4 Qf5
14. Ng3 Qf7 15. Qc2 Bc6 16. Ne5 Qe8 17. Nxc6 Nxc6 18. Be2 a6 19. Bf3 Nb4 20.
Qb3 a5 21. a3 Nd5 22. Bxd5 exd5 23. Qxd5+ Kh8 24. O-O Rd8 25. Qc4 c6 26. Rac1
Rd6 27. b4 b5 28. Qc5 Qg6 29. Qc2 a4 1-0

[Event "East Lansing (MI Op/3/30)"]
[Site "?"]
[Date "1985.??.??"]
[Round "?"]
[White "Mason, A.."]
[Black "Brattin, Vincent"]
[Result "0-1"]
[WhiteElo "1725"]
[BlackElo "1890"]
[PlyCount "86"]
[EventDate "1985.??.??"]

{3/(30)} 1. d4 c6 2. c4 d5 3. Nc3 Nf6 4. Bg5 h6 5. Bxf6 exf6 6. cxd5 cxd5 7. e3
Qa5 8. a3 Nc6 9. b4 Qd8 10. Bb5 Be7 11. Bxc6+ bxc6 12. Nge2 O-O 13. O-O a5 14.
b5 cxb5 15. Nxb5 Ba6 16. Nbc3 f5 17. Re1 Bc4 18. Qc2 g6 19. Nf4 Qd7 20. Reb1
Rfc8 21. Qd2 g5 22. Nfe2 Rab8 23. Rb2 Bd6 24. Rxb8 Rxb8 25. Rb1 Rxb1+ 26. Nxb1
Qa4 27. Nec3 Qb3 28. Qd1 Qxd1+ 29. Nxd1 f4 30. Ndc3 Bd3 31. a4 fxe3 32. fxe3
Bb4 33. Kf2 f5 34. g3 Kf7 35. h3 Kg6 36. g4 fxg4 37. hxg4 Bxb1 38. Nxb1 h5 39.
Ke2 hxg4 40. Kf2 Kf5 41. Kg3 Ke4 42. Kxg4 Kxe3 43. Kxg5 Kxd4 0-1

[Event "East Lansing (MI Op/3/27)"]
[Site "?"]
[Date "1985.??.??"]
[Round "?"]
[White "Martin, S.."]
[Black "Smith, Les L"]
[Result "1-0"]
[WhiteElo "1730"]
[BlackElo "1980"]
[PlyCount "67"]
[EventDate "1985.??.??"]

{3/(27)} 1. e4 e5 2. Nf3 f5 3. Nc3 fxe4 4. Nxe4 d5 5. Nc3 e4 6. Nd4 Nf6 7. d3
Bb4 8. Bd2 Qe7 9. Qe2 c5 10. Nb3 Bg4 11. f3 exf3 12. gxf3 Bxf3 13. Qxe7+ Kxe7
14. Rg1 Kf7 15. Nb5 Nc6 16. Nd6+ Ke7 17. Nxb7 Rhe8 18. c3 Rab8 19. cxb4 Rxb7
20. bxc5 Kf8+ 21. Kf2 Bh5 22. h3 Rf7 23. Kg3 Rfe7 24. Bg2 Ne5 25. d4 Nc4 26.
Bf4 Bg6 27. Bf3 Ne4+ 28. Kh2 Rf7 29. Bxe4 Rxe4 30. Bg3 Nxb2 31. Raf1 Re2+ 32.
Rg2 Rxf1 33. Rxe2 Be4 34. Bd6+ 1-0

[Event "East Lansing (MI Op/1a/13)"]
[Site "?"]
[Date "1985.??.??"]
[Round "?"]
[White "Martin, S.."]
[Black "Shields, Phil"]
[Result "1/2-1/2"]
[WhiteElo "1730"]
[BlackElo "1960"]
[PlyCount "67"]
[EventDate "1985.??.??"]

1. e4 Nf6 2. e5 Nd5 3. d4 d6 4. c4 Nb6 5. exd6 cxd6 6. Nc3 g6 7. Nf3 Bg7 8. Be2
Nc6 9. Be3 O-O 10. O-O Bg4 11. b3 Rc8 12. Qd2 Re8 13. Rad1 d5 14. c5 Na8 15. h3
Bxf3 16. Bxf3 Nc7 17. a3 f5 18. b4 f4 19. Bxf4 Nxd4 20. Bxc7 Nxf3+ 21. gxf3
Bxc3 22. Bxd8 Bxd2 23. Bxe7 Bxb4 24. axb4 Rxe7 25. Rxd5 Rf8 26. Kg2 Rf4 27. Rb1
Rc4 28. Rd3 Rc2 29. f4 Ree2 30. Rf1 Re4 31. Rd8+ Kg7 32. Rd7+ Kh6 33. Rxb7 Rxf4
34. Kh2 1/2-1/2

[Event "East Lansing (MI Op/5/24)"]
[Site "?"]
[Date "1985.??.??"]
[Round "?"]
[White "Martin, S.."]
[Black "Eagle, Chris"]
[Result "1-0"]
[WhiteElo "1730"]
[BlackElo "1940"]
[PlyCount "55"]
[EventDate "1985.??.??"]

{5/(24)} 1. e4 e5 2. Nf3 Nc6 3. Bb5 a6 4. Ba4 Nf6 5. O-O Be7 6. Re1 b5 7. Bb3
O-O 8. c3 d5 9. d3 Bg4 10. Nbd2 Na5 11. Bxd5 Nxd5 12. exd5 Qxd5 13. Rxe5 Qd7
14. Nf1 Rad8 15. h3 Bf5 16. d4 Bf6 17. Re1 c5 18. Be3 Nc4 19. Ne5 Bxe5 20. dxe5
Nxb2 21. Qxd7 Rxd7 22. Bxc5 Re8 23. Bd4 Nd3 24. Re3 Rd5 25. Ng3 Bg6 26. Ne2 Re6
27. f4 f6 28. g4 1-0

[Event "East Lansing (MI Op/7/18)"]
[Site "?"]
[Date "1985.??.??"]
[Round "?"]
[White "Martin, S.."]
[Black "Braak, Dairen"]
[Result "0-1"]
[WhiteElo "1730"]
[BlackElo "1870"]
[PlyCount "120"]
[EventDate "1985.??.??"]

{7/(18)} 1. e4 c5 2. Nf3 d6 3. d4 cxd4 4. Nxd4 Nf6 5. Nc3 Nc6 6. Be2 g6 7. Be3
Bg7 8. O-O Bd7 9. Nb3 O-O 10. f4 Qc8 11. h3 Rb8 12. Bf3 b5 13. a3 a5 14. Nd4
Nxd4 15. Bxd4 Bc6 16. Nd5 Nxd5 17. exd5 Bb7 18. Bxg7 Kxg7 19. Qd4+ Kg8 20. Rac1
Qc5 21. Qxc5 dxc5 22. Rfe1 Rfe8 23. c4 b4 24. axb4 axb4 25. Ra1 Ra8 26. Rxa8
Bxa8 27. Ra1 e6 28. Kf2 exd5 29. Bxd5 Bxd5 30. cxd5 Rd8 31. Rd1 Rd6 32. b3 f5
33. g4 Kf7 34. gxf5 gxf5 35. Kg3 Ra6 36. Rc1 Ra5 37. Kh4 Ke7 38. Kg5 Kd6 39.
Kxf5 Kxd5 40. Rd1+ Kc6 41. Ke6 Ra3 42. Rb1 Ra2 43. f5 Re2+ 44. Kf7 Re3 45. h4
Rh3 46. f6 Rxh4 47. Kf8 Rh3 48. f7 Rf3 49. Re1 Rxb3 50. Ke8 Rf3 51. Ke7 Rxf7+
52. Kxf7 c4 53. Ke6 c3 54. Ke5 Kc5 55. Ke4 Kc4 56. Ra1 c2 57. Ke3 b3 58. Kd2 b2
59. Ra4+ Kb3 60. Ra8 c1=Q+ 0-1

[Event "Westland (SEMO/2/19)"]
[Site "?"]
[Date "1985.??.??"]
[Round "?"]
[White "Martin, K.."]
[Black "Robinson, D.."]
[Result "1-0"]
[WhiteElo "1985"]
[BlackElo "1605"]
[PlyCount "73"]
[EventDate "1985.??.??"]

{2/(19)} 1. e4 d6 2. d4 Nf6 3. Bd3 g6 4. f4 Bg7 5. c3 Nc6 6. d5 Nb8 7. Nf3 Nbd7
8. O-O b6 9. c4 Bb7 10. Nc3 O-O 11. h3 Nh5 12. Kh2 Qe8 13. g4 Nhf6 14. e5 Nxg4+
15. hxg4 dxe5 16. fxe5 e6 17. Bf4 Nc5 18. Ne4 Nxe4 19. Bxe4 Rd8 20. Qd2 f5 21.
Ng5 Bc8 22. Bf3 h6 23. Nh3 Qe7 24. Bxh6 Bxe5+ 25. Bf4 Bf6 26. Bg5 Qh7 27. Bxf6
Rxf6 28. Qg5 Kg7 29. gxf5 e5 30. Bg4 Rdf8 31. fxg6 Qh8 32. Rxf6 Rxf6 33. Bxc8
Qxc8 34. Qxe5 Qf8 35. Rf1 Kxg6 36. Qg5+ Kh7 37. Rxf6 1-0

[Event "Westland (SEMO/4/4)"]
[Site "?"]
[Date "1985.??.??"]
[Round "?"]
[White "Martin, K.."]
[Black "Gogel, D.."]
[Result "0-1"]
[WhiteElo "1985"]
[BlackElo "2420"]
[PlyCount "74"]
[EventDate "1985.??.??"]

{4/(4)} 1. e4 c5 2. b3 Nf6 3. e5 Nd5 4. c4 Nc7 5. Bb2 Nc6 6. Nf3 d6 7. exd6
Qxd6 8. d4 Bg4 9. d5 Nd4 10. Bxd4 cxd4 11. Be2 Bxf3 12. Bxf3 Qe5+ 13. Qe2 Qxe2+
14. Kxe2 O-O-O 15. Bg4+ Kb8 16. Nd2 g6 17. f4 f5 18. Bf3 e6 19. dxe6 d3+ 20.
Kf2 Bc5+ 21. Kf1 Be3 22. Rd1 Bxf4 23. g3 Bh6 24. e7 Rd7 25. Nb1 Re8 26. Rg1
Rexe7 27. Nc3 Re3 28. Kg2 Rde7 29. Nd5 Nxd5 30. cxd5 Kc7 31. Kf2 Kd6 32. Rge1
Rxe1 33. Rxe1 Rc7 34. Re6+ Kd7 35. Rf6 Rc2+ 36. Kg1 Be3+ 37. Kh1 Rf2 0-1

[Event "East Lansing (MI Op/3/13)"]
[Site "?"]
[Date "1985.??.??"]
[Round "?"]
[White "Marfia, J.."]
[Black "Shields, Phil"]
[Result "1-0"]
[WhiteElo "2140"]
[BlackElo "1960"]
[PlyCount "51"]
[EventDate "1985.??.??"]

{3/(13)} 1. e4 Nf6 2. e5 Nd5 3. c4 Nb6 4. c5 Nd5 5. Nc3 e6 6. d4 d6 7. cxd6
cxd6 8. Nf3 Nxc3 9. bxc3 Be7 10. Bd3 b6 11. O-O Bb7 12. Re1 Nd7 13. exd6 Bxd6
14. Ng5 Qf6 15. Be4 Bxe4 16. Nxe4 Qe7 17. Qa4 Rc8 18. c4 Bb4 19. Bg5 f6 20. Bf4
e5 21. dxe5 Bxe1 22. Nd6+ Kd8 23. Rxe1 Kc7 24. Qd1 Rhf8 25. e6 Nc5 26. Nf5+ 1-0

[Event "East Lansing (MI Op/5/7)"]
[Site "?"]
[Date "1985.??.??"]
[Round "?"]
[White "Marfia, J.."]
[Black "Kulbacki, James"]
[Result "1/2-1/2"]
[WhiteElo "2140"]
[BlackElo "2035"]
[PlyCount "83"]
[EventDate "1985.??.??"]

{5/(7)} 1. e4 e6 2. d4 d5 3. Nc3 Nf6 4. Bg5 Be7 5. e5 Ne4 6. Nxe4 Bxg5 7. Nxg5
Qxg5 8. g3 c5 9. c3 Nc6 10. f4 Qe7 11. Nf3 cxd4 12. cxd4 Qb4+ 13. Qd2 Bd7 14.
Bd3 Rc8 15. Qxb4 Nxb4 16. Kd2 h6 17. a3 Nxd3 18. Kxd3 Bb5+ 19. Ke3 Kd7 20. Rhc1
Rxc1 21. Rxc1 Rc8 22. Rxc8 Kxc8 23. g4 Kd8 24. f5 Ke7 25. Kf4 Bd3 26. h4 g6 27.
fxg6 fxg6 28. g5 h5 29. Ke3 Be4 30. Nd2 Bc2 31. Nf1 Bf5 32. Kd2 Kd7 33. Kc3 Kc6
34. Ne3 Be4 35. Kb4 Kb6 36. a4 a5+ 37. Kc3 Kc6 38. b4 b6 39. Nf1 Bf3 40. bxa5
bxa5 41. Ne3 Kb6 42. Kb2 1/2-1/2

[Event "East Lansing (MI Op/7/4)"]
[Site "?"]
[Date "1985.??.??"]
[Round "?"]
[White "Marfia, J.."]
[Black "Huttar, C.."]
[Result "1-0"]
[WhiteElo "2140"]
[BlackElo "1825"]
[PlyCount "67"]
[EventDate "1985.??.??"]

{7/(4)} 1. e4 e5 2. Nf3 Nc6 3. Bb5 a6 4. Bxc6 dxc6 5. O-O Bg4 6. h3 Bxf3 7.
Qxf3 Nf6 8. d3 Be7 9. Be3 O-O 10. Rd1 c5 11. Nd2 Nd7 12. Nf1 Re8 13. c3 Bf6 14.
Nh2 Qe7 15. Ng4 Rad8 16. Rd2 b6 17. Rad1 Nf8 18. Nxf6+ Qxf6 19. Qxf6 gxf6 20.
g3 Kg7 21. f3 Ne6 22. Kf2 Kf8 23. f4 Ke7 24. f5 Nf8 25. g4 Nd7 26. Kf3 Nb8 27.
h4 Rd6 28. g5 fxg5 29. hxg5 Nc6 30. Rh2 Rh8 31. Ke2 Kf8 32. Rdh1 Kg7 33. Rh6
Ne7 34. f6+ 1-0

[Event "Westland (SEMO/4/10)"]
[Site "?"]
[Date "1985.??.??"]
[Round "?"]
[White "Manion, Tom"]
[Black "Mazuchowski, Tom"]
[Result "0-1"]
[WhiteElo "1820"]
[BlackElo "2100"]
[PlyCount "142"]
[EventDate "1985.??.??"]

{4/(10)} 1. Nf3 Nf6 2. g3 g6 3. Bg2 Bg7 4. d3 O-O 5. O-O d6 6. e4 c5 7. c3 Nc6
8. Nbd2 e5 9. Nc4 b5 10. Ne3 Rb8 11. a4 a6 12. Nd2 Bd7 13. Nd5 Nxd5 14. exd5
Ne7 15. f4 exf4 16. Rxf4 Bf5 17. Nf1 b4 18. c4 Bd4+ 19. Kh1 g5 20. Rxd4 cxd4
21. Bxg5 f6 22. Bh6 Rf7 23. b3 Qd7 24. Qe2 Ng6 25. Nd2 Re8 26. Ne4 Bxe4 27.
dxe4 Ne5 28. Qd2 d3 29. Qxb4 Ng4 30. Qd2 f5 31. Qg5+ Kh8 32. exf5 Qxf5 33. Qxf5
Rxf5 34. Bf4 Re2 35. Kg1 d2 36. Kf1 Rf2+ 37. Kg1 Re2 38. Kf1 Rf2+ 39. Kg1 R2xf4
40. gxf4 Ne3 41. Bf3 Rxf4 42. Be2 d1=Q+ 43. Rxd1 Nxd1 44. Bxd1 Rd4 45. Bh5 a5
46. Kg2 Kg7 47. Be8 Kf8 48. Bd7 Ke7 49. Bc8 Kd8 50. Ba6 Kc7 51. Kg3 Kb6 52. Bb5
Kc5 53. h3 Kb4 54. Be8 Kxb3 55. Bb5 Rxc4 56. h4 Rxa4 57. Bxa4+ Kxa4 58. Kf3 Kb4
59. Ke3 a4 60. Kd3 Kc5 61. Kc3 h5 62. Kb2 Kxd5 63. Ka3 Ke4 64. Kxa4 Kf4 65. Kb5
Kg4 66. Kc6 Kxh4 67. Kxd6 Kg3 68. Ke5 h4 69. Ke4 h3 70. Ke3 h2 71. Ke2 h1=Q 0-1

[Event "Westland (SEMO/2/12)"]
[Site "?"]
[Date "1985.??.??"]
[Round "?"]
[White "Manion, Tom"]
[Black "Eagle, Chris"]
[Result "1-0"]
[WhiteElo "1820"]
[BlackElo "1940"]
[PlyCount "114"]
[EventDate "1985.??.??"]

{2/(12)} 1. c3 Nf6 2. d4 c5 3. dxc5 e6 4. Be3 Nc6 5. Nf3 Ng4 6. Qd3 Qc7 7. h3
Nxe3 8. Qxe3 Ne7 9. Qe5 Qa5 10. Nbd2 Nc6 11. Qg3 Qxc5 12. Nb3 Qd6 13. Qg4 Ne5
14. Nxe5 Qxe5 15. g3 Be7 16. Bg2 O-O 17. O-O d5 18. Nd4 Qc7 19. Qf3 Bd7 20. e4
Bc6 21. Nxc6 bxc6 22. Rfe1 Rab8 23. Re2 Rb6 24. Rae1 Rfb8 25. exd5 cxd5 26. b3
Bf6 27. Re3 h6 28. Bf1 a5 29. c4 d4 30. Rd3 a4 31. Be2 Qe7 32. Bd1 e5 33. h4
Re8 34. Qe4 g6 35. Bf3 Bg7 36. Bd1 Rd8 37. Rxd4 Rxd4 38. Qxd4 Rd6 39. Qe4 Qd7
40. Bf3 Rd2 41. Re2 Rd4 42. Qc6 axb3 43. Qxd7 Rxd7 44. axb3 Rd3 45. Re3 Rxe3
46. fxe3 Bf8 47. Bd5 Kg7 48. Kf2 f5 49. e4 Kf6 50. Kf3 Bc5 51. Bc6 Bb4 52. Be8
Bc5 53. h5 g5 54. exf5 Kxf5 55. Bd7+ Kf6 56. Ke4 Ke7 57. Bc6 Kd6 1-0